000 00876 a2200217 4500
001 60366
005 20260407155854.0
008 260407a2014 arg spa d
003 AR-UNSa-BCEJYS
040 _aAR-UNSa-BCEJYS
_bspa
_cAR-UNSa-BCEJYS
080 _a657
_xContabilidad
245 1 0 _aEl lenguaje contable
_pElementos introductorios
020 _a978-987-657-492-1
264 1 _aSanta Fe :
_bEdiciones UNL
_c2014
300 _a185 p.
_c25 cm.
505 _a1. Esquema de los componentes del patrimonio - 2. Registración de las operaciones básicas: compras de bienes y servicios – 3. Ventas de bienes y servicios – 4. Movimiento de fondos – 5. El cierre de ejercicio y los informes contables – 6. Exposición de los estados contables -
041 _aspa
942 _cBK
590 _aniveau_biblio:m niveau_hierar:0
100 1 _aDi Russo de Hauque, Leila
999 _c6935
_d6935